| 000 | 00674cam a22002291 4500 | ||
|---|---|---|---|
| 001 | sa 64000940 | ||
| 003 | DLC | ||
| 005 | 20260227111959.0 | ||
| 008 | 720125s1963 pk a 000 0 eng | ||
| 010 | _asa 64000940 | ||
| 015 | _aGB64-5743 | ||
| 025 | _aPL480:P-E-348 | ||
| 035 | _a(OCoLC)228199 | ||
| 040 |
_aDLC _cODaWU _dOCoLC _dUk _dDLC |
||
| 042 | _apremarc | ||
| 050 | 0 | 0 |
_aHC440.5 _b.H25 |
| 100 | 1 |
_aHaq, Mahbub ul, _d1934-1998. |
|
| 245 | 1 | 4 |
_aThe strategy of economic planning, _ba case study of Pakistan. |
| 260 |
_aKarachi, _bPakistan Branch, Oxford University Press, _c1963. |
||
| 300 |
_axi, 266 p. _btables. _c23 cm. |
||
| 651 | 0 |
_aPakistan _xEconomic policy. |
|
| 999 |
_c56498 _d56498 |
||